000 01021nas a2200289 4500
001 BR8201675
003 BR-BrBNA
005 20231205085108.0
007 ta
008 230509b bl.|||p| |||| 00| 00por d
040 _aBR-BrBNA
_bpor
_cBiblioteca Nacional de Agricultura
041 _a(Pt)
072 _aF60
100 1 _aMatzenauer, R.
100 1 _aWestphalen, S.L.
100 1 _aBergamaschi, H.
245 1 _aRelacoes entre a evapotranspiracao do milho, radiacao global e saldo de radiacao [Zea mays; Maturacao; Florescimento; Hibrido]
_bParte de tese
246 1 _aRelationships between evapotranspiration of corn solar radiation [Zea mays; Ripening; Flowering; Hybrid]
_b[Part of thesis]
650 _aMILHO
650 _aEVAPOTRANSPIRACAO
650 _aHIBRIDO
650 _aFLORACAO
650 _aMATURACAO
773 0 _tPesquisa Agropecuaria Brasileira (Brazil)
_xISSN 0100-204X
_g(Jul 1982), v. 17(7) p. 1051-1056
_wBR8201675
909 _a202311
_bLúcia
_c55
_dLúcia Elande
942 _2AGRIS
_n0
_cANA
999 _c109177
_d109177